书目信息 |
| 题名: |
能源工程管理
|
|
| 作者: | 任有中 主编 | |
| 分册: | ||
| 出版信息: | 北京 中国电力出版社 2007.10 |
|
| 页数: | 256页 | |
| 开本: | 26cm | |
| 丛书名: | ||
| 单 册: | ||
| 中图分类: | TK01 | |
| 科图分类: | ||
| 主题词: | 能源--neng yuan--工程--管理--高等学校--教材 | |
| 电子资源: | ||
| ISBN: | 978-7-5083-5858-1 | |
| 000 | 00951nam0 2200241 450 | |
| 001 | 012008145297 | |
| 005 | 20180416093833.04 | |
| 010 | @a978-7-5083-5858-1@dCNY27.00 | |
| 100 | @a20080601d2007 em y0chiy0120 ea | |
| 101 | 0 | @achi |
| 102 | @aCN@b110000 | |
| 105 | @aak a 000yy | |
| 200 | 1 | @a能源工程管理@Aneng yuan gong cheng guan li@f任有中主编@Fren you zhong zhu bian |
| 210 | @a北京@c中国电力出版社@d2007.10 | |
| 215 | @a256页@c图@d26cm | |
| 300 | @a普通高等教育“十一五”国家级规划教材 | |
| 320 | @a有书目 (第256页) | |
| 330 | @a全书共分九章,主要内容包括能源技术知识(能源知识概述、能源的转换与利用以及节能技术),一般工业企业管理知识,技术经济分析基础,工程项目经济效益的评价原则,固定资产的折旧及重置决策,工程项目不确定性分析及项目可行性分析。 | |
| 606 | 0 | @a能源@Aneng yuan@x工程@x管理@x高等学校@j教材 |
| 690 | @aTK01@v4 | |
| 701 | 0 | @a任有中@Aren you zhong@4主编 |
| 801 | 0 | @aCN@bQSSK@c20080601 |
| 905 | @b721019-21@dTK01@eR579@f3 | |
| 能源工程管理/任有中主编.-北京:中国电力出版社,2007.10 |
| 256页:图;26cm |
| 普通高等教育“十一五”国家级规划教材 |
| ISBN 978-7-5083-5858-1:CNY27.00 |
| 全书共分九章,主要内容包括能源技术知识(能源知识概述、能源的转换与利用以及节能技术),一般工业企业管理知识,技术经济分析基础,工程项目经济效益的评价原则,固定资产的折旧及重置决策,工程项目不确定性分析及项目可行性分析。 |
| ● |
| 相关链接 |
|
|
|
正题名:能源工程管理
索取号:TK01/R579
 
预约/预借
| 序号 | 登录号 | 条形码 | 馆藏地/架位号 | 状态 | 备注 |
| 1 | 1309032 | 213090322 | 自科库501/501自科库 135排7列23层/ [索取号:TK01/R579] | 在馆 | |
| 2 | 721019 | 207210196 | 能源与建筑环境工程学院资料室/201建筑库 28排2列5层/ [索取号:TK01/R579] | 在馆 | |
| 3 | 721020 | 207210203 | 能源与建筑环境工程学院资料室/201建筑库 28排2列5层/ [索取号:TK01/R579] | 在馆 | |
| 4 | 721021 | 207210212 | 能源与建筑环境工程学院资料室/201建筑库 28排2列5层/ [索取号:TK01/R579] | 在馆 |